| 000 | 00603nam a2200181Ia 4500 | ||
|---|---|---|---|
| 020 | _a1862522391 | ||
| 040 | _cMMU | ||
| 082 | _a636 JAM 1986 A090 Or. | ||
| 100 | 1 | _aLadds, Philip William, | |
| 245 | 1 | 2 | _aA colour atlas of lymph node pathology in cattle / |
| 260 |
_aTownsville, Qld. : _bJames Cook University ; _aAmes, Iowa : _bIowa State University, _c1986 |
||
| 300 |
_a80 p. : _bill. ; 30 cm |
||
| 500 | _aPublisher from label on verso of t.p.; distributed in U.S. by: Iowa State University, Ames, Iowa | ||
| 650 | 0 | _aCattle | |
| 650 | 0 | _aLymph nodes | |
| 650 | 0 | _aMeat inspection | |
| 942 | _cEK | ||
| 999 |
_c15909 _d15909 |
||